logo

Bir Sreshtho Munshi Abdur Rouf Library
Jhenaidah Cadet College

Librarianship / (Record no. 7678)

MARC details
000 -LEADER
fixed length control field 00633nam a2200253 a 4500
001 - CONTROL NUMBER
JCCL Control Number 7678
003 - CONTROL NUMBER IDENTIFIER
JCCL marc code BD - JhCC
005 - DATE AND TIME OF LATEST TRANSACTION
control field 20181003175439.0
008 - FIXED-LENGTH DATA ELEMENTS--GENERAL INFORMATION
fixed length control field 871021s1987 enk 000 0 eng d
020 ## - INTERNATIONAL STANDARD BOOK NUMBER
International Standard Book Number 0901537209
035 ## - SYSTEM CONTROL NUMBER
system control number (BD-JhCC)7678
040 ## - CATALOGING SOURCE
Original cataloging agency BD-JhCC
Modifying agency BD-JhCC
041 ## - LANGUAGE CODE
Language code of Book eng
050 #0 - LIBRARY OF CONGRESS CALL NUMBER
Classification number Z669.3
082 ## - DEWEY DECIMAL CLASSIFICATION NUMBER
Classification number 021
DDC Edition number 19
Author mark and Year TOM 1987
100 1# - MAIN ENTRY--PERSONAL NAME
Personal name Tomlinson, Norman
245 10 - TITLE STATEMENT
Title Librarianship /
Statement of responsibility, etc Norman Tomlinson
260 ## - PUBLICATION, DISTRIBUTION, ETC. (IMPRINT)
Place of publication, distribution, etc Liverpool :
Name of publisher, distributor, etc Liverpool Polytechnic Press,
Date of publication, distribution, etc c1987
300 ## - PHYSICAL DESCRIPTION
Pagination vi, 95 p ;
Dimensions 18 cm
504 ## - BIBLIOGRAPHY, ETC. NOTE
Bibliography, etc Includes index
610 ## - SUBJECT ADDED ENTRY--CORPORATE NAME
Corporate name or jurisdiction name as entry element Librarianship
942 ## - ADDED ENTRY ELEMENTS (KOHA)
Source of classification or shelving scheme Dewey Decimal Classification
Koha item type Books
Holdings
Source of classification or shelving scheme Damaged status Not for loan Home library Current library Shelving location Total Checkouts Full call number Barcode Date last seen Copy number Koha item type
Dewey Decimal Classification     JCC Rouf Library JCC Rouf Library General Stacks   021 TOM 1987 10310 02/13/2018 C -1 Books

JCC Library | Contacts | JCC Home

Last Update on 23 September 2017
Copyright @ 2017-2020 JCC Rouf Library
Rouf Library, Jhenidah Cadet College (JCC), Bangladesh